Sociálne zabezpečenie aplikačné praktikum
Enregistré dans:
| Auteur principal: | |
|---|---|
| Collectivité auteur: | |
| Autres auteurs: | , , |
| Format: | Livre |
| Langue: | slovaque |
| Publié: |
Bratislava
Vydavateľstvo EKONÓM
2016
|
| Édition: | 3. [preprac.] vyd. |
| Sujets: | |
| Tags: |
Pas de tags, Soyez le premier à ajouter un tag!
|
MARC
| LEADER | 00000nam a2200000 4500 | ||
|---|---|---|---|
| 001 | 0215107 | ||
| 005 | 20240502073606.8 | ||
| 020 | |a 978-80-225-4227-2 | ||
| 041 | 0 | |a slo | |
| 044 | |a SK | ||
| 245 | 1 | 0 | |a Sociálne zabezpečenie |b aplikačné praktikum |c Eva Pongrácz, Silvia Šipikalová ; recenzenti: Eva Rievajová, Marianna Csetnekyová |
| 250 | |a 3. [preprac.] vyd. | ||
| 264 | 1 | |a Bratislava |b Vydavateľstvo EKONÓM |c 2016 | |
| 300 | |a 167 s. [7,47 AH] | ||
| 610 | 2 | 0 | |a zabezpečenie sociálne |
| 610 | 2 | 0 | |a poistenie sociálne |
| 610 | 2 | 0 | |a poistenie nemocenské |
| 610 | 2 | 0 | |a zabezpečenie dôchodkové |
| 610 | 2 | 0 | |a sporenie dôchodkové |
| 610 | 2 | 0 | |a poistenie v nezamestnanosti |
| 610 | 2 | 0 | |a podpora štátna |
| 610 | 2 | 0 | |a dávky sociálne |
| 610 | 2 | 0 | |a pomoc sociálna |
| 610 | 2 | 0 | |a Slovensko |
| 100 | 1 | |a Pongrácz, Eva, 1971- | |
| 700 | 1 | |a Šipikalová, Silvia, 1979- | |
| 700 | 1 | |a Rievajová, Eva | |
| 700 | 1 | |a Csetnekyová, Marianna | |
| 710 | 2 | |a Ekonomická univerzita v Bratislave. Národohospodárska fakulta | |